Vista normal
Vista MARC
- Indicadores de contaminación
Entrada Término temático
Número de registros utilizados en: 1
001 - NÚMERO DE CONTROL
- campo de control: 11156
003 - IDENTIFICADOR DE NÚMERO DE CONTROL
- campo de control: gtgcusco
005 - FECHA Y HORA DE LA ÚLTIMA TRANSACCIÓN
- campo de control: 20250220120823.0
008 - ELEMENTOS DE DATO DE LONGITUD-FIJA
- campo de control de longitud fija: 250220|| aca||aabn | a|a d
040 ## - FUENTE DE CATALOGACIÓN
- Centro catalogador/agencia de origen: gtgcusco
- Centro/agencia transcriptor: gtgcusco
150 ## - ENCABEZAMIENTO--TÉRMINO DE MATERIA
- Término de materia o nombre geográfico como elemento de entrada: Indicadores de contaminación
670 ## - FUENTE DE DATOS ENCONTRADOS
- Cita de la fuente: Work cat.: (gtgcusco)4381: Méndez Marroquín, William Giovanni 11155, Presencia de escherichia coli, como indicador de contaminación fecal en coronas de acero utilizadas por los estudiantes de 5to. Año, durante su práctica clínica de Odontopediatría en la Facultad de Odontología de la USAC, 2005., 2005

